000 00583nam a2200181 4500
001 FRBNF433948290000000
003 http://catalogue.bnf.fr/ark:/12148/cb433948295
005 20250206160628.0
008 250206b |||||||| |||| 00| 0 eng d
020 _a9788059171
050 _aBL 65.C8
_b1
100 _aODUYOYE, Amba Mercy
245 _aWomen in religion and culture:
_bEssays in honour of Constance Buchaman
260 _aIbadan
_bSefer
_c2007
300 _a171p
700 _316779177
_aAmba Oduyoye
_bMercy
_cGhana. docteur en théologie. enseignante
_4070
942 _2lcc
_cBK
_n0
999 _c3493
_d3493